00898nam a22002055i 4500001000700000003000900007005001700016008004100033040003000074080001100104100004200115245017300157260005400330300002100384505005800405650002300463700007000486710005100556852008500607166696ES-MaACL20250806063135.0990625s1877 sp |||| | spa d aCCPB | B bspa cCCPB | B a73.0351 aTubino, Francisco María,d1833-188813aLa escultura contemporanea b: Discursos leídos ante la Real Academia de Nobles Artes de San Fernando en la recepción pública del Señor Don Francisco M. Tubino. aMadrid : bAdministracion de La Academia, c1877. a41 p. ; c25 cm.8 aDiscurso del ... Sr. Marqués de Monistrol, p. 25-41 4aEscultura-yS.XIX.0 aMonistrol, José María Escrivá de Romaní c, Marqués de.2 aReal Academia de Bellas Artes de San Fernando. aES-MaACLjF-M-III-N(II) z-- Enc. pasta española z-- Enc. en un vol. facticio